<?xml version="1.0" encoding="UTF-8"?>
<marc:record xmlns:marc="http://www.loc.gov/MARC21/slim">
   <marc:leader>00000nam a2200000 a 4500</marc:leader>
   <marc:datafield ind1="1" ind2=" " tag="100">
      <marc:subfield code="a">Pluhar, Erika</marc:subfield>
      <marc:subfield code="4">aut</marc:subfield>
      <marc:subfield code="e">Verfasser/-in</marc:subfield>
   </marc:datafield>
   <marc:datafield ind1=" " ind2=" " tag="653">
      <marc:subfield code="a">Erzählende Literatur</marc:subfield>
   </marc:datafield>
   <marc:datafield ind1="0" ind2="0" tag="245">
      <marc:subfield code="a">Gitti</marc:subfield>
   </marc:datafield>
   <marc:datafield ind1="0" ind2="0" tag="245">
      <marc:subfield code="c">Pluhar, Erika</marc:subfield>
   </marc:datafield>
   <marc:datafield ind1=" " ind2="1" tag="264">
      <marc:subfield code="a">Salzburg</marc:subfield>
      <marc:subfield code="b">Residenz</marc:subfield>
      <marc:subfield code="c">2023</marc:subfield>
   </marc:datafield>
   <marc:datafield ind1="1" ind2=" " tag="520">
      <marc:subfield code="a">Offen und schonungslos beschreibt Erika Pluhar die traumatisierende Kriegskindheit und Nachkriegsjugend ihrer Schwester, die allzu früh Verantwortung übernehmen, sich anpassen und fügen musste. Einschneidende Veränderungen prägen Gittis Kindheit und Jugend: Nach den ersten Lebensjahren in Brasilien folgt der Umzug nach München, wo der Vater eine Karriere in der nationalsozialistischen Partei einschlägt, die die Familie schließlich ins besetzte Polen führt. Der Krieg bestimmt immer mehr den Alltag und Gitti muss sich dem Erwachsenwerden stellen …  „Besser, die Traurigkeit in sich verbergen und zu einem Geheimnis werden lassen. Ja, zu einem geheimen Raum, der nur mir gehört und für alle anderen unsichtbar bleibt, dachte sie.“</marc:subfield>
   </marc:datafield>
   <marc:datafield ind1=" " ind2=" " tag="020">
      <marc:subfield code="a">9783701717798</marc:subfield>
      <marc:subfield code="9">9783701717798</marc:subfield>
   </marc:datafield>
   <marc:datafield ind1=" " ind2=" " tag="020">
      <marc:subfield code="a">3701717796</marc:subfield>
      <marc:subfield code="9">3701717796</marc:subfield>
   </marc:datafield>
   <marc:datafield ind1=" " ind2=" " tag="041">
      <marc:subfield code="a">ger</marc:subfield>
   </marc:datafield>
   <marc:datafield ind1=" " ind2=" " tag="338">
      <marc:subfield code="a">Band</marc:subfield>
   </marc:datafield>
   <marc:datafield ind1=" " ind2=" " tag="300">
      <marc:subfield code="a">220 Seiten</marc:subfield>
   </marc:datafield>
</marc:record>
